Statistiques concernant Trouve les paroles - D'amour ou d'amitié - Celine Dion

Cliquez ici pour prendre le quiz!

Statistiques générales

  • Ce quiz a été pris 40 fois
  • Le résultat moyen est 281 sur 336

Statistiques - réponses

Réponse% Correct
à
100%
À
100%
a
100%
de
100%
Je
100%
je
100%
ne
100%
sa
100%
d'amitié
97%
Il
97%
il
97%
ou
97%
97%
pas
97%
se
97%
vie
97%
comme
94%
d'amour
94%
D'amour
94%
est
94%
Et
94%
et
94%
le
94%
me
94%
Moi
94%
moi
94%
sais
94%
si
94%
Si
94%
comment
92%
Lui
89%
lui
89%
pour
89%
près
89%
l'aime
86%
ma
86%
parle
86%
que
86%
des
83%
pourtant
83%
Pourtant
83%
une
83%
vois
83%
dans
81%
en
81%
l'aimer
81%
Mais
81%
mais
81%
pense
81%
qu'à
81%
qu'il
81%
son
81%
suis
81%
veut
81%
histoire
78%
Même
78%
mon
78%
peut
78%
Quand
78%
seul
78%
s'il
78%
coeur
75%
décider
75%
offrir
75%
peux
75%
Qu'on
75%
ses
75%
trop
75%
aime
72%
autre
72%
bien
72%
ce
72%
choses
72%
compte
72%
Du
72%
grand
72%
les
72%
part
72%
plein
72%
sourire
72%
vient
72%
voit
72%
chercher
69%
dit
69%
Entre
69%
fait
69%
filles
69%
ment
69%
océan
69%
On
69%
parler
69%
quelque
69%
qu'une
69%
vues
69%
d'autres
67%
l'air
67%
Ni
67%
plus
67%
tous
67%
aujourd'hui
64%
crois
64%
d'hésiter
64%
dirait
64%
île
64%
bras
61%
chemin
61%
dire
61%
Oui
61%
projets
61%
phrases
58%
rêve
58%
sait
58%
qu'elles
56%
tout
56%
j'ai
53%
Rien
53%
veulent
53%
temps
50%
n'ai
47%
passer
47%
sont
47%
appris
44%
donner
44%
gagner
44%
paraît
44%
vouloir
44%
nuits
42%
tristes
42%
l'attendre
39%
log
3%

Distribution des résultats

Percentile par nombre de réponses

% des personnes avec chaque résultat

Votre développement - résultats

Vous n’avez pas pris ce quiz